| 000 | 00614nam a2200229 a 4500 | ||
|---|---|---|---|
| 999 |
_c10479 _d10479 |
||
| 001 | 10479 | ||
| 003 | BD-JhCC | ||
| 005 | 20180430162247.0 | ||
| 008 | 180430s1968 usa |||| |||| 000 0 eng d | ||
| 035 | _a(BD-JhCC)10479 | ||
| 040 |
_aBD-JhCC _dBD-JhCC |
||
| 041 | _aeng | ||
| 082 |
_a813.52 _bROB 1968 |
||
| 100 | _a Roberts, James L. | ||
| 245 |
_aLight in August : _bnotes / _cJames L. Roberts |
||
| 260 |
_aUSA : _b Cliffs Notes, Inc. _c1968 |
||
| 300 |
_a68 p. : _c19 cm. |
||
| 504 | _aIncludes bibliography | ||
| 650 | _aLight in August (Faulkner, William) | ||
| 650 | _aExaminations | ||
| 942 |
_2ddc _cBK |
||